000 00928cam a2200289M 4500
001 on1037869352
005 20180927073729.0
006 m d
007 cr || ||||||||
008 180926s2017 caua r 001 0 eng d
020 _z9780520963290
020 _z0520963296
020 _a9780520288331
035 _a(OCoLC)1037869352
040 _aCo-BoUCM
_bspa
_cSaul Niño
_dSaul Niño
041 0 _aeng
100 1 _aSmith, Aaron D.
_993763
245 1 0 _aEssentials of applied econometrics
_cAaron D. Smith, J. Edward Taylor
260 _aOakland, California
_bUniversity of California Press
_c2017
300 _axi, 225 páginas
650 7 _aEconometría
_vLibros de texto
_913653
650 7 _aAnálisis econométrico
_98986
650 7 _aEconomía
_9174
700 1 _aTaylor, J. Edward
_965700
942 _2DEWEY
_a7
_cLIBRO
_e1
_h330.015195
_mS642e
999 _c310484
_d310484